ՀՀ Գիտությունների ազգային ակադեմիայի հիմնարար գիտական գրադարան  =   Fundamental Scientific Library of NAS RA

Зажги снега : (Record no. 193983)

MARC details
000 -LEADER
fixed length control field 00525nam a2200181 u 4500
001 - CONTROL NUMBER
control field 000521515
003 - CONTROL NUMBER IDENTIFIER
control field AM-YeHGA
005 - DATE AND TIME OF LATEST TRANSACTION
control field 20250617135114.0
008 - FIXED-LENGTH DATA ELEMENTS--GENERAL INFORMATION
fixed length control field 070219s1976 ||| r 000 0 rus d
040 ## - CATALOGING SOURCE
Original cataloging agency AM-YeHGA
041 0# - LANGUAGE CODE
Language code of text/sound track or separate title rus
090 ## - LOCALLY ASSIGNED LC-TYPE CALL NUMBER (OCLC); LOCAL CALL NUMBER (RLIN)
-- 195457
100 1# - MAIN ENTRY--PERSONAL NAME
Personal name Белаш, Борис Федорович
245 10 - TITLE STATEMENT
Title Зажги снега :
Remainder of title Стихи /
Statement of responsibility, etc. Борис Белаш.
260 ## - PUBLICATION, DISTRIBUTION, ETC.
Place of publication, distribution, etc. Донецк :
Name of publisher, distributor, etc. Донбас,
Date of publication, distribution, etc. 1976.
300 ## - PHYSICAL DESCRIPTION
Extent 95 с.
653 0# - INDEX TERM--UNCONTROLLED
Uncontrolled term Русская советская поэзия
Holdings
Withdrawn status Lost status Damaged status Not for loan Collection Home library Current library Date acquired Total checkouts Full call number Barcode Date last seen Price effective from Koha item type Public note
        General Fundamental Scientific Library Fundamental Scientific Library 28/12/2016   Р1/38513 110038513 28/12/2016 28/12/2016 Գրքեր / Books 42


ՀՀ ԳԱԱ հիմնարար գիտական գրադարան
ՀՀ,Երևան 0019
Մարշալ Բաղրամյան 24/6
հեռախոս:(374-10) 52-47-50
Հետադարձ կապ

All site content, except where otherwise noted, is licensed under a
Creative Commons License